000 00616nam a2200169 i 4500
001 57444
003 ES-MaACL
005 20230906163558.0
007 t|
008 031016s1970 sp ||||1| spa d
100 1 _aDoepfner, Julius
_cCardenal Arzobispo de Munich.
_944986
245 1 3 _aEl nuevo pueblo de Dios
_b: una introducción a la constitución dogmática "sobre la Iglesia" /
_cJulius Döpfner ; [versión José Amor Fernández].
260 _aEstella (Navarra) :
_bVerbo Divino,
_c[1970]
300 _a141 p. ;
_c19 cm.
700 1 _aAmor Fernández, José.
_921293
852 _aES-MaACL
_jC-50598
_bR.75308
999 _c57444
_d57444